Spreading Currency Crises : The Role of Economic Interdependence /

We analyze in this paper how the mutual dependence of private sector expectations in different countries on one another influences the stability of fixed exchange rate regimes. The crisis probabilities of countries trading with one another are interdependent because wage setters react to an imminent...

Descrizione completa

Dettagli Bibliografici
Autore principale: Berger, Wolfram
Altri autori: Wagner, Helmut
Natura: Periodico
Lingua:English
Pubblicazione: Washington, D.C. : International Monetary Fund, 2002.
Serie:IMF Working Papers; Working Paper ; No. 2002/144
Accesso online:Full text available on IMF
LEADER 01968cas a2200253 a 4500
001 AALejournalIMF008286
008 230101c9999 xx r poo 0 0eng d
020 |c 5.00 USD 
020 |z 9781451856453 
022 |a 1018-5941 
040 |a BD-DhAAL  |c BD-DhAAL 
100 1 |a Berger, Wolfram. 
245 1 0 |a Spreading Currency Crises :   |b The Role of Economic Interdependence /  |c Wolfram Berger, Helmut Wagner. 
264 1 |a Washington, D.C. :  |b International Monetary Fund,  |c 2002. 
300 |a 1 online resource (20 pages) 
490 1 |a IMF Working Papers 
500 |a <strong>Off-Campus Access:</strong> No User ID or Password Required 
500 |a <strong>On-Campus Access:</strong> No User ID or Password Required 
506 |a Electronic access restricted to authorized BRAC University faculty, staff and students 
520 3 |a We analyze in this paper how the mutual dependence of private sector expectations in different countries on one another influences the stability of fixed exchange rate regimes. The crisis probabilities of countries trading with one another are interdependent because wage setters react to an imminent loss of international competitiveness stemming from an increase in the crisis probability of a trading partner. If a currency crisis in one country is perceived to be increasingly likely, the probability of devaluation of its trading partners' currencies to restore their international competitiveness rises as well. Thus, not only actual devaluations but also an increasing crisis probability may trigger currency crises elsewhere. We show that not only fundamental weaknesses but also spontaneous shifts in market sentiment may play a role in precipitating currency crises. 
538 |a Mode of access: Internet 
700 1 |a Wagner, Helmut. 
830 0 |a IMF Working Papers; Working Paper ;  |v No. 2002/144 
856 4 0 |z Full text available on IMF  |u http://elibrary.imf.org/view/journals/001/2002/144/001.2002.issue-144-en.xml  |z IMF e-Library